00381nam a2200133Ia 4500008004100000024003500041082001700076100003400093245001800127260002600145600002100171650003800192999001700230260210s9999 xx 000 0 und d a12B-24-BS & 12B-008-BS a005.1072 WAJ aWajiha Khan & Saniya Khan 0aE-Beauty Tool aKarachi:bUITU,c2012 aComputer Science aBachelor of Computer Science (BS) c32264d32264